Animal talk : science and the voices of nature /

Sound production by animals.

Bibliographic Details
Main Author: Morton, Eugene S.
Other Authors: Page, Jake
Format: Book
Language:English
Published: New York : Random House, [1992]
Edition:First edition.
Subjects:

MARC

Tag First Indicator Second Indicator Subfields
LEADER 00000cam a2200000 a 4500
001 in00004477921
005 20210818135117.0
008 900830s1992 nyua b 001 0 eng
010 |a  90052894  
020 |a 039458337X :  |c $22.00 
035 |a (OCoLC)24591189 
035 |9 AAE8425MS 
035 |z (UtOrBLW)16185 
035 |a 27520 
040 |a DLC  |c DLC  |d TMV  |d UtOrBLW 
049 |a TMVM  |c 1 
050 0 0 |a QL776  |b .M66 1992 
082 0 0 |a 591.59  |2 20 
096 |a QL 776  |b M889a 1992 
100 1 |a Morton, Eugene S. 
245 1 0 |a Animal talk :  |b science and the voices of nature /  |c Eugene S. Morton, Jake Page. 
250 |a First edition. 
264 1 |a New York :  |b Random House,  |c [1992] 
264 4 |c ©1992 
300 |a xxvii, 275 pages :  |b illustrations ;  |c 22 cm. 
336 |a text  |2 rdacontent  |b txt 
337 |a unmediated  |2 rdamedia 
338 |a volume  |2 rdacarrier  |b nc 
504 |a Includes bibliographical references (pages 263-265) and index. 
520 8 |a Sound production by animals. 
650 2 |a Animal Communication. 
650 2 |a Biological Evolution. 
650 2 |a Vocalization, Animal. 
700 1 |a Page, Jake. 
999 |a MARS 
999 f f |s 551ca1e3-4019-33d1-8f27-64720cdd5d8e  |i 2d423d7e-d492-3582-8874-50b036b457a0  |t 0 
952 f f |p preservation  |a Texas A&M University  |b J.J. Pickle Campus  |c High Density Repository  |d Remote Storage  |t 0  |e QL 776 M889a 1992  |h National Library of Medicine classification  |i unmediated -- volume  |m 3238901127553 
998 f f |a QL 776 M889a 1992  |t 0  |l Remote Storage